Měření délky korozních trhlin v austenitických návarech ultrazvukem

Podrobná bibliografia
Hlavní autori: Regazzo, Richard (Autor), Regazzová, Marcela (Autor)
Médium: Článok
Jazyk:slovenčina
čeština
Fyzický popis:Grafy 8. Sch. 3., lit. 24 zázn. v slov., češ., ruš., angl.
Predmet:

MARC

LEADER 00000nab a2200000 a 4500
001 vtls000241257
003 SK-MaSNL
005 20260304075059.0
008 250423c1986 xo 0 slo
015 |a SNBRB19rr/mm-uuuuu 
035 |a CL0251371 
035 |a urn:nbn:sk:snk-ab6pmu 
035 |a (uuid)65ab43d6-3dd2-4f70-94c1-9c0e65aade94 
035 |a (urnnbn)urn:nbn:sk:snk:ar-005qy0 
035 |a (sysno)vtls000241257 
040 |a SNKBUCL  |b slo  |c SNKBUCL  |e AACR2 
041 0 |a cze 
044 |a xo  |c SK 
080 |a 621.791.92.05:620.191.3:620.179.16  |2 1981 
080 |a 620.191.3  |2 1981 
080 |a 620.179.16  |2 1981 
100 1 |a Regazzo, Richard  |4 aut  |9 1181397 
245 1 0 |a Měření délky korozních trhlin v austenitických návarech ultrazvukem  |c Richard Regazzo, Marcela Regazzová 
300 |b Grafy 8. Sch. 3., lit. 24 zázn. v slov., češ., ruš., angl. 
650 0 7 |a návary austenitické  |2 snkbucl  |9 1132279 
650 0 7 |a trhliny korózne  |2 snkbucl  |9 993396 
650 0 7 |a meranie dĺžky  |2 snkbucl  |9 166242 
650 0 7 |a ultrazvuk  |2 snkbucl  |9 15026 
655 7 |a články z novín a časopisov  |2 snkbucl  |9 267496 
700 1 |a Regazzová, Marcela  |4 aut  |9 1181401 
773 0 |t Zváranie  |g Roč. 35, č. 1 (1986), s. 28-33 
850 |a Slovenská národná knižnica 
852 |a Slovenská národná knižnica 
954 |a odborná, vedecká literatúra pôvodná (slovenská)  |2 lita 
954 |a odborná, vedecká literatúra cudzojazyčná (svetová)  |2 lita 
958 |a article 
958 |a OND 
958 |a NB 
958 |a RK 
958 |a CZ 
958 |a EUIPO 
992 |a RBX 
999 |c 2779479  |d 2781409